00431nam a22001337a 4500003000400000005001700004020001500021040000600036082002100042245014500063260002300208300001800231610004800249OSt20170105102930.0 a2881450148 a1 a341.63bRUL 2005 aRules of International humanitarian law and other rules relating to the conduct of hostilitiesbCollection of treaties and other instruments aGenevabICRCc2005 a266 P;b23 cm tGeneral Rules, Air and Sea Warfare, Weapons